00612 2200205 4500001002100000005001700021008004100038035002400079090001800103100001900121245012300140250001100263260003200274300002400306650002700330850001500357980001300372985000600385999001500391YOGYA-0209000003337620090227024754.0 ind  0010-020900000033376 a364bPel MlT aPELENKAHU, S.S aMasalah kejahatan dan penanggulangannyabinformasi khusus bagi kaum muda dan kaum awam ilmu hukumcoleh S.S. Palenkahu aCet. 2 aJakartabGunung Muliac1997 aviii, 68 hlmc18 cm aKejahatan dan penjahat aYOPDYOG(B) a30-08-06 a1 a00P0003320